000 00665nam a2200229 i 4500
001 000046285
003 DO-SdBNP
005 20230524092738.0
007 ta
008 110303s2008 dr 000 0 spa d
040 _aDO-SdBNP
_bspa
_cBNPHU
_erda
082 _bD536
_222
245 1 0 _aDia de la Independencia Naciona :
_bprograma de actividades
264 _aSanto Domingo :
_bComision Permanente de Efemerides Patrias,
_c2008.
300 _a12 paginas. ;
_c22 cm.
336 _2rdacontent
_atexto
_btxt
337 _2rdamedia
_asin mediación
_bn
338 _2rdacarrier
_avolumen
_bnc
590 _ainventariado, 2023 / DG
910 _aDG
942 _2ddc
_cLF2
999 _c53600
_d53600